00663nam a2200181Ia 4500003000900000008004100009020001800050040001600068080001700084245019600101260003500297300001600332650004100348650002300389650001700412700002600429700002600455IN-BaIIA211028s9999 xx 000 0 eng d a0-12-254103-0 cIIA Library a535.417bFOU 0aFourier transform infrared spectroscopybvol. 3, techniques using fourier transform interferometrycedited by John R. Ferraro and Louis J. Basile  aNew YorkbAcademic Pressc1982 aviii, 215p. aAstronomy and astrophysics thesaurus aFourier transforms aSpectroscopy aBasile, Louis J., ed. aFerraro, John R., ed.